书目信息 |
| 题名: |
跨国公司转让定价策略研究
|
|
| 作者: | 刘红红 , 田力 著 | |
| 分册: | ||
| 出版信息: | 北京 光明日报出版社 2017 |
|
| 页数: | 155页 | |
| 开本: | 21cm | |
| 丛书名: | ||
| 单 册: | ||
| 中图分类: | F276.7 | |
| 科图分类: | ||
| 主题词: | 跨国公司--转让价格--研究 | |
| 电子资源: | ||
| ISBN: | 978-7-5194-1096-4 | |
| 000 | 00888nam0 2200241 450 | |
| 001 | 012001003782 | |
| 005 | 20140926114739.0 | |
| 010 | @a978-7-5194-1096-4@dCNY36.00 | |
| 100 | @a20180217d2017 em y0chiy50 ea | |
| 101 | 0 | @achi |
| 102 | @aCN@b110000 | |
| 105 | @aa z 000yy | |
| 106 | @ar | |
| 200 | 1 | @a跨国公司转让定价策略研究@9kua guo gong si zhuan rang ding jia ce lue yan jiu@f刘红红,田力著 |
| 210 | @a北京@c光明日报出版社@d2017 | |
| 215 | @a155页@c图@d21cm | |
| 330 | @a本书分八章,内容包括:绪论、跨国公司转让定价概述、中间产品无外部市场的转让定价策略、存在中间产品竞争市场的转让定价策略、中间产品存在垄断、寡头竞争市场的转让定价策略等。 | |
| 606 | 0 | @a跨国公司@x转让价格@x研究 |
| 690 | @aF276.7@v5 | |
| 701 | 0 | @a刘红红@9liu hong hong@f(1966-)@4著 |
| 701 | 0 | @a田力@9tian li@c(经济贸易)@4著 |
| 801 | 0 | @aCN@b上海新华@c20180901 |
| 905 | @b1154838-42@dF276.7@e1572@f5 | |
| 跨国公司转让定价策略研究/刘红红,田力著.-北京:光明日报出版社,2017 |
| 155页:图;21cm |
| ISBN 978-7-5194-1096-4:CNY36.00 |
| 本书分八章,内容包括:绪论、跨国公司转让定价概述、中间产品无外部市场的转让定价策略、存在中间产品竞争市场的转让定价策略、中间产品存在垄断、寡头竞争市场的转让定价策略等。 |
| ● |
| 相关链接 |
|
|
|
|
正题名:跨国公司转让定价策略研究
索取号:F276.7/1572
 
预约/预借
| 序号 | 登录号 | 条形码 | 馆藏地/架位号 | 状态 | 备注 |
| 1 | 1154838 | 211548388 | 第一样本阅览室/ [索取号:F276.7/1572] | 在馆 | |
| 2 | 1154839 | 211548397 | 第一借阅区/ [索取号:F276.7/1572] | 在馆 | |
| 3 | 1154840 | 211548404 | 第一借阅区/ [索取号:F276.7/1572] | 在馆 | |
| 4 | 1154841 | 211548413 | 密集书库-海洋学院/ [索取号:F276.7/1572] | 在馆 | |
| 5 | 1154842 | 211548422 | 第一借阅区/ [索取号:F276.7/1572] | 在馆 |